000 00924cam a2200241 i 4500
003 SA-RiAUC
005 20250917124337.0
008 250915s1996 su g 00010 ara c
040 _aSA-RiAUC
_bara
_cSA-RiAUC
_erda
082 0 4 _a252.4
_qSA-RiAUC
090 _a252.4
_bا ب ن ر
100 1 _aابن رجب، عبد الرحمن بن أحمد بن رجب،
_d736-795 هجري
_eمؤلف.
245 1 0 _aقاعدة في إخراج الزكاة على الفور /
_cعبد الرحمن بن رجب الحنبلي.
250 _aالطبعة الأولى.
264 1 _aمكة المكرمة :
_bدار عالم الفوائد،
_c[1996]
300 _a39 صفحة ؛
_c22 سم
336 _aنص
_btxt
_2rdacontent
_3كتاب
337 _aبدون وسيط
_bn
_2rdamedia
338 _aمجلد
_bnc
_2rdacarrier
650 7 _aالزكاة
_2aucsh
942 _2ddc
_cBOOK
_n0
949 _aSA-JeALM
_d250915
_umohamedma123
_n1
999 _c11853
_d11853